000 00487nam a2200157Ia 4500
008 210210b1985 xxu||||| |||| 00| 0 eng d
082 _a686 KESH
100 _aKESAVAN (B S).
245 _aHistory of printing and publishing in India. V1: South Indian origins of printing and its efflorescence in Bengal.
260 _aIndia.
_bNational Book Trust
_c1985
300 _axxxi,461
440 _a1
650 _aHistory Printing Publishing India
690 _aPrinting
906 _a040311
999 _c90164
_d90164